000 01356nam a22003617a 4500
001 733
005 20230704102520.0
008 230704b cb ||||| |||| 00| 0 eng d
020 _a9780545431699
040 _aNJQ/DLC
_cNJQ
_dDLC
_beng
050 0 0 _aPZ7.S8882
_bHom 2012
082 0 0 _a[Fic]
_223
082 0 0 _a813.6
_223
100 1 _aStoudemire, Amar'e.
245 1 0 _aHome court /
_cby Amar'e Stoudemire ; illustrated by Tim Jessell.
260 _aNew York :
_bScholastic ,
_c2012.
300 _a134 pages :
_billustrations ;
_c20 cm.
490 0 _aSTAT ;
_v1
505 _aP
520 _aBetween sports, school, and working for his father, eleven-year-old Amar'e's life is full and he is not yet ready to concentrate on basketball--but when a group of older boys start hogging the local basketball court he knows that he has to do something to help his friends.
521 _a650
_bLexile
521 _aP
_bRaz-Plus
650 0 _aBasketball stories.
650 0 _aBullying
_vJuvenile fiction.
650 0 _aFriendship
_vJuvenile fiction.
650 1 _aBasketball
_vFiction.
650 1 _aBullies and bullying
_vFiction.
650 1 _aFriendship
_vFiction.
655 7 _aAutobiographical fiction.
_2gsafd
700 1 _aJessell, Tim,
_eillustrator.
906 _a7
_bcbc
_corignew
_d1
_eecip
_f20
_gy-gencatlg
942 _2ddc
_cBK
_n0
999 _c733
_d733